Smith and Hogan criminal law / (Record no. 484)
| 000 -LEADER | |
|---|---|
| fixed length control field | 01620cam a2200397 a 4500 |
| 001 - CONTROL NUMBER | |
| control field | 15280389 |
| 003 - CONTROL NUMBER IDENTIFIER | |
| control field | OSt |
| 005 - DATE AND TIME OF LATEST TRANSACTION | |
| control field | 20140116120829.0 |
| 008 - FIXED-LENGTH DATA ELEMENTS--GENERAL INFORMATION | |
| fixed length control field | 080429s2008 enk b 001 0 eng |
| 010 ## - LIBRARY OF CONGRESS CONTROL NUMBER | |
| LC control number | 2008019271 |
| 015 ## - NATIONAL BIBLIOGRAPHY NUMBER | |
| National bibliography number | GBA858594 |
| Source | bnb |
| 016 7# - NATIONAL BIBLIOGRAPHIC AGENCY CONTROL NUMBER | |
| Record control number | 014595336 |
| Source | Uk |
| 020 ## - INTERNATIONAL STANDARD BOOK NUMBER | |
| International Standard Book Number | 9780199202584 |
| 035 ## - SYSTEM CONTROL NUMBER | |
| System control number | (OCoLC)ocn226280214 |
| 035 ## - SYSTEM CONTROL NUMBER | |
| System control number | (OCoLC)226280214 |
| Canceled/invalid control number | (OCoLC)182732003 |
| -- | (OCoLC)228374803 |
| 040 ## - CATALOGING SOURCE | |
| Transcribing agency | DLC |
| Modifying agency | UKM |
| -- | BTCTA |
| -- | YDXCP |
| -- | SLU |
| -- | BWKUK |
| -- | BWK |
| -- | BAKER |
| -- | DLC |
| 043 ## - GEOGRAPHIC AREA CODE | |
| Geographic area code | e-uk--- |
| 050 00 - LIBRARY OF CONGRESS CALL NUMBER | |
| Classification number | KD7869.O76 2008 |
| 100 1# - MAIN ENTRY--PERSONAL NAME | |
| Personal name | Ormerod, D. C. |
| Fuller form of name | (David C.) |
| 245 10 - TITLE STATEMENT | |
| Title | Smith and Hogan criminal law / |
| Statement of responsibility, etc | David Ormerod. |
| 246 30 - VARYING FORM OF TITLE | |
| Title proper/short title | Criminal law |
| 250 ## - EDITION STATEMENT | |
| Edition statement | 12th ed. |
| 260 ## - PUBLICATION, DISTRIBUTION, ETC. (IMPRINT) | |
| Place of publication, distribution, etc | Oxford : |
| Name of publisher, distributor, etc | Oxford University Press, |
| Date of publication, distribution, etc | 2008. |
| 300 ## - PHYSICAL DESCRIPTION | |
| Extent | lxix, 1142 p. |
| 504 ## - BIBLIOGRAPHY, ETC. NOTE | |
| Bibliography, etc | Includes bibliographical references and index. |
| 650 #0 - SUBJECT ADDED ENTRY--TOPICAL TERM | |
| Topical term or geographic name as entry element | Criminal law |
| Geographic subdivision | Great Britain. |
| 650 #0 - SUBJECT ADDED ENTRY--TOPICAL TERM | |
| Topical term or geographic name as entry element | Criminal law |
| Geographic subdivision | Great Britain |
| Form subdivision | Cases. |
| 700 1# - ADDED ENTRY--PERSONAL NAME | |
| Personal name | Smith, J. C. |
| Fuller form of name | (John Cyril) |
| 700 1# - ADDED ENTRY--PERSONAL NAME | |
| Personal name | Hogan, Brian, |
| Dates associated with a name | 1932-1996. |
| 856 41 - ELECTRONIC LOCATION AND ACCESS | |
| Materials specified | Table of contents only |
| Uniform Resource Identifier | <a href="http://www.loc.gov/catdir/toc/ecip0817/2008019271.html">http://www.loc.gov/catdir/toc/ecip0817/2008019271.html</a> |
| 856 42 - ELECTRONIC LOCATION AND ACCESS | |
| Materials specified | Contributor biographical information |
| Uniform Resource Identifier | <a href="http://www.loc.gov/catdir/enhancements/fy0907/2008019271-b.html">http://www.loc.gov/catdir/enhancements/fy0907/2008019271-b.html</a> |
| 856 42 - ELECTRONIC LOCATION AND ACCESS | |
| Materials specified | Publisher description |
| Uniform Resource Identifier | <a href="http://www.loc.gov/catdir/enhancements/fy0907/2008019271-d.html">http://www.loc.gov/catdir/enhancements/fy0907/2008019271-d.html</a> |
| 906 ## - LOCAL DATA ELEMENT F, LDF (RLIN) | |
| a | 7 |
| b | cbc |
| c | orignew |
| d | 1 |
| e | ecip |
| f | 20 |
| g | y-gencatlg |
| 942 ## - ADDED ENTRY ELEMENTS (KOHA) | |
| Source of classification or shelving scheme | |
| Koha item type | Book |
| Withdrawn status | Lost status | Source of classification or shelving scheme | Damaged status | Not for loan | Home library | Current library | Date acquired | Source of acquisition | Total Checkouts | Total Renewals | Full call number | Barcode | Date last seen | Date checked out | Copy number | Price effective from | Koha item type |
|---|---|---|---|---|---|---|---|---|---|---|---|---|---|---|---|---|---|
| Riara University Library | Riara University Library | 21/10/2011 | Purchase | 30 | 5 | KD7869.O76 2008 | 420/11 | 12/04/2024 | 09/01/2024 | C.1 | 21/10/2011 | Book | |||||
| Riara University Library | Riara University Library | 21/10/2011 | Purchase | 37 | 11 | KD7869.O76 2008 | 419/11 | 15/04/2019 | 11/03/2019 | C.2 | 21/10/2011 | Book | |||||
| Riara University Library | Riara University Library | 21/10/2011 | Purchase | 29 | 4 | KD7869.O76 2008 | 418/11 | 16/01/2023 | 12/07/2022 | C.3 | 21/10/2011 | Book |
